|
|
|
|
| LEADER |
00000ny a22000003n 4500 |
| 005 |
20110620165127.0 |
| 006 |
m u |
| 007 |
cr cn||||||||| |
| 008 |
200805r20062008sp |||||s|||||||||||spa d |
| 020 |
|
|
|a 9788476987537
|
| 035 |
|
|
|a 1234
|
| 040 |
|
|
|a FlNmELB
|c FlNmELB
|d vlex
|
| 050 |
1 |
4 |
|a K235
|b V648 2006eb
|
| 080 |
|
|
|a 343.1(460)(0.034)
|
| 080 |
|
|
|a 343.24(460)(0.034)
|
| 090 |
|
|
|c 1351
|d 1351
|
| 100 |
1 |
|
|a Vidal Castaǫn, Alberto
|
| 245 |
1 |
4 |
|a Los institutos de la suspension y sustitucion de las penas privativas de libertad
|h [Recurso electrn̤ico]
|c Alberto Vidal Castaǫn
|
| 256 |
|
|
|a Servicio en ln̕ea
|
| 260 |
|
|
|a [Barcelona] :
|b J.M. Bosch,
|c 2006
|
| 506 |
1 |
|
|a Contenido solo disponible en los productos indicados
|d vLex Global
|d vLex Global (Academic Edition, excluding Law Schools)
|d vLex Global (U.S. Academic Edition, Law Schools)
|d vLex Global (U.S. Academic Edition, excluding Law Schools)
|d vLex Global (Academic Edition, Law Schools)
|
| 650 |
0 |
7 |
|a Penas
|2 Tesauro vLex
|
| 650 |
0 |
7 |
|a Procedimiento penal
|2 Tesauro vLex
|
| 650 |
0 |
7 |
|a Pena
|2 Tesauro vLex
|
| 650 |
0 |
7 |
|a Penal
|2 Tesauro vLex
|
| 650 |
0 |
7 |
|a Penas
|2 Tesauro vLex
|
| 650 |
0 |
7 |
|a Penas privativas de libertad
|2 Tesauro vLex
|
| 650 |
0 |
7 |
|a Suspensin̤ de la ejecucin̤ de las penas
|2 Tesauro vLex
|
| 650 |
0 |
7 |
|a Sustitucin̤ de las penas
|2 Tesauro vLex
|
| 740 |
0 |
|
|a vLex Libros (Servicios en ln̕ea)
|
| 856 |
4 |
0 |
|z Acceso restringido
|u http://vlex.com/source/institutos-suspension-penas-privativas-libertad-1234
|
| 942 |
|
|
|c BOOK
|